书目信息 |
| 题名: |
微积分学习指导
|
|
| 作者: | 郭卫华 , 邱学绍 , 王霞 主编 | |
| 分册: | ||
| 出版信息: | 北京 科学出版社 2011.09 |
|
| 页数: | 303页 | |
| 开本: | 26cm | |
| 丛书名: | ||
| 单 册: | ||
| 中图分类: | O172 | |
| 科图分类: | ||
| 主题词: | 微积分--高等教育--教学参考资料 | |
| 电子资源: | ||
| ISBN: | 978-7-03-032030-8 | |
| 000 | 00938nam0 2200253 450 | |
| 001 | 1330240737 | |
| 005 | 20201028143728.74 | |
| 010 | @a978-7-03-032030-8@dCNY33.00 | |
| 100 | @a20111011d2011 y0chiy0110 ea | |
| 101 | 0 | @achi |
| 102 | @aCN@b110000 | |
| 105 | @aa z 000yy | |
| 200 | 1 | @a微积分学习指导@9wei ji fen xue xi zhi dao@f郭卫华,王霞,邱学绍主编 |
| 210 | @a北京@c科学出版社@d2011.09 | |
| 215 | @a303页@c图@d26cm | |
| 300 | @a普通高等教育“十二五”规划教材 | |
| 330 | @a本书是与“微积分”相匹配的学习辅导教材, 全书共分十章, 章节的划分与教材完全一致, 每章内容由五部分组成: 基本概念、性质与结论; 典型例题分析; 疑难问题解答; 基础训练与提高训练; 基础训练与提高训练习题参考答案与提示。 | |
| 606 | 0 | @a微积分@x高等教育@j教学参考资料 |
| 690 | @aO172@v4 | |
| 701 | 0 | @a郭卫华@9guo wei hua@4主编 |
| 701 | 0 | @a邱学绍@9qiu xue shao@4主编 |
| 701 | 0 | @a王霞@9wang xia@4主编 |
| 801 | 0 | @aCN@bSG11@c20111011 |
| 905 | @aZUCC@dO172@eG842 | |
| 微积分学习指导/郭卫华,王霞,邱学绍主编.-北京:科学出版社,2011.09 |
| 303页:图;26cm |
| 普通高等教育“十二五”规划教材 |
| ISBN 978-7-03-032030-8:CNY33.00 |
| 本书是与“微积分”相匹配的学习辅导教材, 全书共分十章, 章节的划分与教材完全一致, 每章内容由五部分组成: 基本概念、性质与结论; 典型例题分析; 疑难问题解答; 基础训练与提高训练; 基础训练与提高训练习题参考答案与提示。 |
| ● |
| 相关链接 |
|
|
|
正题名:微积分学习指导
索取号:O172/G842
 
预约/预借
| 序号 | 登录号 | 条形码 | 馆藏地/架位号 | 状态 | 备注 |
| 1 | 1281791 | 212817914 | 自科库401/401自科库 73排1列3层/ [索取号:O172/G842] | 在馆 | |
| 2 | 1301060 | 213010604 | 自科库401/401自科库 73排1列3层/ [索取号:O172/G842] | 在馆 | |
| 3 | 1499288 | 214992882 | 自科库401/401自科库 73排1列3层/ [索取号:O172/G842] | 在馆 | |
| 4 | 476046 | 204760464 | 自科库401/401自科库 73排1列3层/ [索取号:O172/G842] | 在馆 |